[Event "N1 Reykjavik Open 2014"]
[Site "Reykjavik ISL"]
[Date "2014.03.12"]
[Round "10.65"]
[White "Thorhallsson, Gylfi"]
[Black "Thiry, Jean-Christophe"]
[Result "0-1"]
[WhiteElo "2130"]
[BlackElo "1996"]
[WhiteFideId "2300800"]
[BlackFideId "209015"]
[EventDate "2014.03.04"]

1. e4 e5 2. Nf3 d6 3. d4 Nf6 4. Nc3 Nbd7 5. Be2 c6 6. O-O Be7 7. h3 O-O 8. a4 b6
9. Bg5 Bb7 10. Qd2 Qc7 11. Rad1 a6 12. Nh4 Rfe8 13. Nf5 Bf8 14. dxe5 dxe5 15.
Qe3 b5 16. Qg3 Kh8 17. Bf3 Ng8 18. Rd2 Ndf6 19. Rfd1 h6 20. Qh4 Re6 21. g4 Rae8
22. Be3 Bc8 23. g5 Nh7 24. gxh6 Nxh6 25. Rd8 Nxf5 26. exf5 R6e7 27. R8d6 Bxf5
28. Bxc6 Re6 29. Rxe6 Rxe6 30. axb5 axb5 31. Rd8 Kg8 32. Bg2 Nf6 33. Rxf8+ Kxf8
34. Qh8+ Ng8 35. Qh4 f6 36. Qb4+ Kf7 37. Bd5 Kg6 38. Qb3 Ra6 39. Bxg8 Bxh3 40.
Nd5 Qd7 41. Qd3+ Bf5 42. Qd1 Ra8 43. Bh7+ Kxh7 44. Qh5+ Kg8 45. Qf3 Rd8 46. c4
bxc4 47. Nc3 Kf7 48. Qh5+ Bg6 49. Qh4 Qd3 50. Qh1 Qf5 51. Qb7+ Rd7 52. Qb5 Qg4+
53. Kh2 Bf5 54. b3 cxb3 55. Qxb3+ Be6 56. Qb8 Qh3+ 57. Kg1 Qf3 58. Qb5 Bh3 59.
Qc4+ Kg6 0-1

[Event "N1 Reykjavik Open 2014"]
[Site "Reykjavik ISL"]
[Date "2014.03.12"]
[Round "10.66"]
[White "Zhang, Fan"]
[Black "Djurhuus, Eivind X"]
[Result "1/2-1/2"]
[WhiteTitle "WFM"]
[WhiteElo "2104"]
[BlackElo "1953"]
[WhiteFideId "24609730"]
[BlackFideId "1515721"]
[EventDate "2014.03.04"]

1. d4 Nf6 2. Bg5 e6 3. Nf3 Be7 4. e3 c5 5. c3 b6 6. Nbd2 Bb7 7. Bd3 O-O 8. O-O
Nc6 9. Re1 cxd4 10. exd4 Nd5 11. Bxe7 Ncxe7 12. Qc2 h6 13. Ne4 d6 14. Qd2 Ng6
15. Ng3 Ndf4 16. Be4 Bxe4 17. Rxe4 Nd5 18. Rae1 Rc8 19. Qd3 Nf6 20. R4e3 Nd5 21.
Re4 Nf6 22. R4e3 Nd5 23. Re4 1/2-1/2

[Event "N1 Reykjavik Open 2014"]
[Site "Reykjavik ISL"]
[Date "2014.03.12"]
[Round "10.67"]
[White "Schaefer, Reyk"]
[Black "Thorgeirsson, Jon Kristinn"]
[Result "1/2-1/2"]
[WhiteElo "2102"]
[BlackElo "1883"]
[WhiteFideId "4640543"]
[BlackFideId "2307731"]
[EventDate "2014.03.04"]

1. d4 Nf6 2. c4 g6 3. Nc3 d5 4. cxd5 Nxd5 5. e4 Nxc3 6. bxc3 Bg7 7. Be3 c5 8.
Qd2 O-O 9. Rc1 Nc6 10. d5 Na5 11. Bxc5 Qc7 12. Bd4 e5 13. Be3 Nc4 14. Bxc4 Qxc4
15. f3 Bd7 16. Qe2 Rfc8 17. Qxc4 Rxc4 18. Ne2 1/2-1/2

[Event "N1 Reykjavik Open 2014"]
[Site "Reykjavik ISL"]
[Date "2014.03.12"]
[Round "10.68"]
[White "Thorsteinsdottir, Hallgerdur"]
[Black "Bjarnason, Saevar"]
[Result "1-0"]
[BlackTitle "IM"]
[WhiteElo "1967"]
[BlackElo "2101"]
[WhiteFideId "2302454"]
[BlackFideId "2300176"]
[EventDate "2014.03.04"]

1. e4 e6 2. d4 d5 3. Nd2 c5 4. Ngf3 Nc6 5. exd5 exd5 6. Bb5 Bd6 7. dxc5 Bxc5 8.
O-O Ne7 9. c3 O-O 10. Nb3 Bd6 11. Bg5 Qc7 12. Bh4 Bg4 13. Bg3 Rad8 14. Be2 Rfe8
15. Nfd4 Bxg3 16. hxg3 Bxe2 17. Qxe2 Nxd4 18. Nxd4 Nc6 19. Qd2 Nxd4 20. Qxd4 Re2
21. b3 h6 22. Rfe1 Rc2 23. Rec1 Re2 24. Qxa7 Qe7 25. a4 Rb2 26. Rab1 Qe2 27. Qe3
Qxe3 28. fxe3 Re2 29. Re1 Rc2 30. Rbc1 Rb2 31. b4 Rd6 32. b5 h5 33. Rf1 Ra2 34.
Ra1 Rc2 35. a5 Rxc3 36. a6 bxa6 37. bxa6 Rd8 38. a7 Ra8 39. Rfb1 Rcc8 40. Rb7 g6
41. Kf2 Kg7 42. Kf3 Kf6 43. Ra6+ Kg7 44. Rd6 Rc5 45. Rdd7 Ra5 46. Rxf7+ Kh6 47.
Kf4 Ra4+ 48. Ke5 Re8+ 49. Rfe7 Rxe7+ 50. Rxe7 Ra5 51. Kd6 Kg5 52. Kc6 Kg4 53.
Kb7 Kxg3 54. Re6 Rxa7+ 55. Kxa7 Kxg2 56. Rxg6+ Kf3 57. Re6 h4 58. Kb6 h3 59. Kc5
h2 60. Rh6 Kxe3 61. Kxd5 1-0

[Event "N1 Reykjavik Open 2014"]
[Site "Reykjavik ISL"]
[Date "2014.03.12"]
[Round "10.70"]
[White "Sigurdsson, Birkir Karl"]
[Black "Grove, Michael"]
[Result "1/2-1/2"]
[WhiteElo "1738"]
[BlackElo "2097"]
[WhiteFideId "2304180"]
[BlackFideId "2403943"]
[EventDate "2014.03.04"]

1. d4 Nf6 2. c4 g6 3. Nc3 d5 4. Nf3 Bg7 5. Qb3 dxc4 6. Qxc4 c6 7. e4 b5 8. Qb3
O-O 9. h3 a5 10. a3 Be6 11. Qc2 a4 12. Be2 Nbd7 13. O-O Nb6 14. Bg5 Bb3 15. Qc1
Re8 16. Re1 Rc8 17. Bd1 Be6 18. Be2 Nc4 19. Bxc4 Bxc4 20. Nxa4 1/2-1/2

[Event "N1 Reykjavik Open 2014"]
[Site "Reykjavik ISL"]
[Date "2014.03.12"]
[Round "10.71"]
[White "Restuccia, Francisco"]
[Black "Jonsson, Gauti Pall"]
[Result "1-0"]
[WhiteElo "2093"]
[BlackElo "1618"]
[WhiteFideId "105511"]
[BlackFideId "2309092"]
[EventDate "2014.03.04"]

1. e4 Nf6 2. e5 Nd5 3. c4 Nb6 4. a4 d5 5. exd6 cxd6 6. a5 N6d7 7. d4 e5 8. Nf3
Be7 9. Nc3 O-O 10. Be2 Nc6 11. O-O Nxa5 12. Nd5 Nc6 13. dxe5 dxe5 14. Nxe7+ Qxe7
15. b3 Qd8 16. Qc2 b6 17. Rd1 Qc7 18. Ba3 Re8 19. Bd6 Qb7 20. Ng5 g6 21. Bf3 f6
22. Bd5+ Kg7 23. Ne6+ Rxe6 24. Bxe6 Nc5 25. Bd5 Bf5 26. Qa2 Be4 27. Bxc5 Bxd5
28. cxd5 1-0

[Event "N1 Reykjavik Open 2014"]
[Site "Reykjavik ISL"]
[Date "2014.03.12"]
[Round "10.72"]
[White "Andersen, Niels Erik"]
[Black "Wengler, Joerg"]
[Result "0-1"]
[WhiteElo "1940"]
[BlackElo "2080"]
[WhiteFideId "1406507"]
[BlackFideId "4666100"]
[EventDate "2014.03.04"]

1. Nf3 f5 2. c4 g6 3. g3 Bg7 4. d3 Nf6 5. Bg2 d6 6. Nc3 O-O 7. O-O e5 8. Qb3 c6
9. Qc2 Na6 10. a3 Nc5 11. b4 Ne6 12. e3 f4 13. Bb2 g5 14. exf4 exf4 15. Ne4 g4
16. Nfd2 f3 17. Bh1 Nxe4 18. Nxe4 Bxb2 19. Qxb2 Ng5 20. Rfe1 Nxe4 21. Rxe4 Bf5
22. Rf4 h5 23. Qd2 Bg6 24. Rxf8+ Qxf8 25. h3 Re8 26. hxg4 hxg4 27. Re1 Rxe1+ 28.
Qxe1 Qe8 29. Qxe8+ Bxe8 0-1

[Event "N1 Reykjavik Open 2014"]
[Site "Reykjavik ISL"]
[Date "2014.03.12"]
[Round "10.73"]
[White "Hauksson, Hordur Aron"]
[Black "Abrahams, Daniel"]
[Result "0-1"]
[WhiteElo "1756"]
[BlackElo "2055"]
[WhiteFideId "2303680"]
[BlackFideId "2606879"]
[EventDate "2014.03.04"]

1. d4 Nf6 2. c4 e6 3. Nf3 Bb4+ 4. Bd2 a5 5. e3 O-O 6. Bd3 Re8 7. O-O Nc6 8. a3
Bf8 9. Nc3 e5 10. Qc2 d6 11. Nd5 g6 12. Bc3 Bg4 13. Nxf6+ Qxf6 14. dxe5 dxe5 15.
Be4 Bd6 16. Nd2 Qe7 17. c5 Bxc5 18. Nc4 Qg5 19. Bxc6 bxc6 20. Qe4 Bd6 21. Kh1
Be2 22. Nxd6 cxd6 23. Rfe1 d5 24. Qc2 Bg4 25. Qa4 Bd7 26. Bxa5 e4 27. b4 Qf6 28.
Ra2 Re5 29. Qd1 Rh5 30. Bc7 Rf5 31. Bg3 h5 32. Qd4 Qe7 33. Qc5 Qd8 34. h4 Kh7
35. Rc1 g5 36. hxg5 Qxg5 37. Qd6 Be6 38. Qxc6 Rg8 39. Rg1 Qg4 40. Qd6 h4 41. Bf4
h3 42. g3 h2 0-1

[Event "N1 Reykjavik Open 2014"]
[Site "Reykjavik ISL"]
[Date "2014.03.12"]
[Round "10.74"]
[White "Forsa, Elise"]
[Black "Szalontay, Mihaly"]
[Result "0-1"]
[WhiteElo "1830"]
[BlackElo "2066"]
[WhiteFideId "1500163"]
[BlackFideId "746967"]
[EventDate "2014.03.04"]

1. e4 d6 2. d4 g6 3. Nc3 Bg7 4. Be3 e6 5. Qd2 Ne7 6. f3 Nd7 7. h4 h5 8. O-O-O
Nf6 9. Be2 b6 10. g4 Bb7 11. g5 Nd7 12. f4 d5 13. exd5 Nxd5 14. Nxd5 Bxd5 15.
Nf3 O-O 16. Qd3 Qe7 17. c4 Bb7 18. Bd2 Rfd8 19. Qe3 Qd6 20. Bc3 c5 21. Rhe1 cxd4
22. Nxd4 Qc7 23. Bd3 Nc5 24. Bc2 a5 25. Rf1 Rac8 26. Nb5 Qb8 27. Bf6 Rxd1+ 28.
Rxd1 Qa8 29. Qe5 Bxf6 30. gxf6 Bf3 31. Qg5 Kh7 32. Rg1 Ne4 33. Qe5 Rxc4 34. Nc3
Nxc3 35. bxc3 Be4 36. Rg5 Bxc2 37. Kxc2 Qe4+ 38. Qxe4 Rxe4 39. Rb5 Rxf4 40. Rxb6
Rxf6 41. Rb5 a4 42. c4 Kg7 43. c5 Kf8 44. c6 Ke7 45. Rc5 Kd8 46. Rc4 Rf2+ 47.
Kc3 Kc7 48. a3 e5 49. Rc5 f6 50. Kb4 Rf4+ 51. Kb5 Rxh4 52. Rc2 Rd4 53. Rb2 Rd6
54. Rc2 g5 55. Kxa4 Rxc6 56. Rh2 h4 57. Rh3 Rb6 58. Ka5 e4 59. a4 Rd6 60. Re3 f5
61. Rc3+ Rc6 62. Re3 g4 63. Kb5 h3 64. a5 h2 65. Re1 g3 66. a6 Rxa6 67. Kxa6 g2
68. Rc1+ Kd6 69. Rb1 g1=Q 70. Rb5 Qf1 0-1

[Event "N1 Reykjavik Open 2014"]
[Site "Reykjavik ISL"]
[Date "2014.03.12"]
[Round "10.75"]
[White "Johansen, Arnt-Ole"]
[Black "Knutsson, Larus"]
[Result "0-1"]
[WhiteElo "1829"]
[BlackElo "2044"]
[WhiteFideId "1516728"]
[BlackFideId "2806231"]
[EventDate "2014.03.04"]

1. d4 f5 2. g3 Nf6 3. Bg2 d6 4. d5 g6 5. c4 Bg7 6. Nc3 Na6 7. Nf3 Bd7 8. Nd4 Qc8
9. O-O O-O 10. Rb1 c6 11. Bf4 c5 12. Nf3 Nc7 13. Qd2 Re8 14. Rfe1 b5 15. b4 cxb4
16. Rxb4 a5 17. Rbb1 b4 18. Nd1 Na6 19. Nd4 Nc5 20. f3 Na4 21. e4 fxe4 22. fxe4
Ng4 23. Ne3 Nc3 24. Nxg4 Bxg4 25. Rb2 Qxc4 26. Nc6 Ne2+ 27. Rxe2 Bxb2 28. Qxb2
Qxe2 29. Qd4 Qe1+ 0-1

[Event "N1 Reykjavik Open 2014"]
[Site "Reykjavik ISL"]
[Date "2014.03.12"]
[Round "10.76"]
[White "Andersen, Per O"]
[Black "Kilthau, Peter"]
[Result "1/2-1/2"]
[WhiteElo "2042"]
[BlackElo "1886"]
[WhiteFideId "1503138"]
[BlackFideId "4669371"]
[EventDate "2014.03.04"]

1. d4 e6 2. Nf3 b6 3. e3 Bb7 4. Bd3 Nf6 5. O-O Be7 6. Nbd2 d5 7. Ne5 O-O 8. c3
Nbd7 9. f4 Ne4 10. Qa4 Nxe5 11. fxe5 f5 12. exf6 Nxf6 13. Qc2 Bd6 14. Nf3 h6 15.
Bd2 c5 16. Be2 Ne4 17. Be1 Qc7 18. c4 Rae8 19. Bd3 Rf7 20. Bxe4 dxe4 21. Ne5
Rxf1+ 22. Kxf1 Bxe5 23. dxe5 Qxe5 24. Bg3 Qf5+ 25. Kg1 Rd8 26. Rf1 Qh5 27. Qa4
a6 28. Qb3 b5 29. cxb5 Bd5 1/2-1/2

[Event "N1 Reykjavik Open 2014"]
[Site "Reykjavik ISL"]
[Date "2014.03.12"]
[Round "10.77"]
[White "Hardarson, Jon Trausti"]
[Black "Rache, Ralf"]
[Result "1-0"]
[WhiteElo "2033"]
[BlackElo "1862"]
[WhiteFideId "2302594"]
[BlackFideId "1270447"]
[EventDate "2014.03.04"]

1. d4 Nf6 2. c4 g6 3. Nc3 d5 4. Nf3 Bg7 5. Qb3 dxc4 6. Qxc4 O-O 7. e4 a6 8. Be2
b5 9. Qd3 Bb7 10. a3 Nbd7 11. d5 c5 12. O-O Ng4 13. h3 Nge5 14. Nxe5 Nxe5 15.
Qg3 Nd7 16. Bg5 Bf6 17. Bf4 Bg7 18. Rad1 Qe8 19. e5 f6 20. e6 Ne5 21. Be3 Rc8
22. f4 Nc4 23. Bxc4 bxc4 24. f5 gxf5 25. Rxf5 Qg6 26. Qf2 Rfd8 27. Na4 Bh6 28.
Bxh6 Qxh6 29. Nxc5 Bc6 30. Nxa6 Be8 31. Nc5 Bg6 32. Rf3 Bd3 33. Nd7 Rxd7 34.
exd7 Rd8 35. Qb6 Rxd7 36. Qe6+ 1-0

[Event "N1 Reykjavik Open 2014"]
[Site "Reykjavik ISL"]
[Date "2014.03.12"]
[Round "10.79"]
[White "Omtvedt, Per"]
[Black "Traustason, Ingi Tandri"]
[Result "1/2-1/2"]
[WhiteElo "2008"]
[BlackElo "1854"]
[WhiteFideId "1503235"]
[BlackFideId "2302934"]
[EventDate "2014.03.04"]

1. e4 c5 2. Nc3 g6 3. g3 Bg7 4. Bg2 Nc6 5. d3 e6 6. Be3 b6 7. Qd2 Nge7 8. Bh6
O-O 9. h4 f6 10. Bxg7 Kxg7 11. h5 g5 12. f4 h6 13. O-O-O e5 14. Nge2 d6 15. Rdf1
Be6 16. Kb1 Qd7 17. Nd5 Bxd5 18. exd5 Na5 19. c4 Qf5 20. Be4 Qd7 21. Bg2 Rab8
22. Rf2 Qf5 23. Be4 Qd7 24. Bg2 Qf5 25. Be4 Qd7 26. Bg2 Qf5 1/2-1/2

[Event "N1 Reykjavik Open 2014"]
[Site "Reykjavik ISL"]
[Date "2014.03.12"]
[Round "10.80"]
[White "Baldvinsson, Loftur"]
[Black "Kristinardottir, Elsa Maria"]
[Result "0-1"]
[WhiteElo "2007"]
[BlackElo "1822"]
[WhiteFideId "2301261"]
[BlackFideId "2300370"]
[EventDate "2014.03.04"]

1. e4 c6 2. d4 d5 3. Nf3 dxe4 4. Ng5 Nf6 5. Bc4 e6 6. f3 exf3 7. Nxf3 Be7 8. O-O
O-O 9. Bf4 c5 10. c3 Nc6 11. Kh1 Qb6 12. dxc5 Qxb2 13. Bb3 Rd8 14. Qe1 Qxa1 15.
Rf2 Bxc5 16. Rc2 Ng4 17. Bg3 Ne3 18. Re2 Na5 19. Ba4 b5 20. Bxb5 Rd1 0-1

[Event "N1 Reykjavik Open 2014"]
[Site "Reykjavik ISL"]
[Date "2014.03.12"]
[Round "10.81"]
[White "Svensson, Lars-Ake"]
[Black "Opasiak, Dustin Tennessee"]
[Result "0-1"]
[WhiteElo "2007"]
[BlackElo "1812"]
[WhiteFideId "1714821"]
[BlackFideId "24630217"]
[EventDate "2014.03.04"]

1. e4 Nf6 2. d3 e5 3. Nf3 d5 4. Nbd2 dxe4 5. dxe4 Bc5 6. Bd3 Nc6 7. h3 O-O 8. a3
a6 9. Nb3 Ba7 10. Qe2 Qd6 11. Be3 Be6 12. Bxa7 Nxa7 13. Nbd2 b5 14. c3 Nc6 15.
Rd1 Rad8 16. Bc2 Qc5 17. g4 Rd6 18. O-O Na5 19. Rfe1 Nc4 20. Nxc4 Bxc4 21. Bd3
Bb3 22. Bc2 Bxc2 23. Qxc2 Rfd8 24. Rxd6 Rxd6 25. Kg2 Nd7 26. Rd1 Qc6 27. Rxd6
Qxd6 28. Qd2 Qxd2 29. Nxd2 Nc5 30. b3 f6 31. Kf3 Nd3 32. h4 Kf7 33. c4 c6 34.
cxb5 cxb5 35. h5 Ke6 36. Ke3 Ne1 37. Nb1 Kd6 38. Kd2 Nf3+ 39. Kd3 Nh2 40. Ke2
Nxg4 41. Nc3 g6 42. hxg6 hxg6 43. f3 Nh6 44. Kd3 f5 45. b4 Ng8 46. a4 bxa4 47.
Nxa4 Nf6 48. Nc3 Kc6 49. exf5 gxf5 50. Kc4 Ne8 51. Kd3 Nd6 52. Nd1 Kb5 53. Kc3
Nc4 54. Nf2 Ne3 55. Nd3 Nd5+ 56. Kb3 e4 57. fxe4 fxe4 58. Nc5 e3 59. Nd3 e2 60.
Ne1 Nxb4 61. Kc3 a5 62. Nf3 Nc6 63. Kd2 a4 64. Kxe2 a3 65. Nd2 Kb4 66. Kd1 a2 0-1

[Event "N1 Reykjavik Open 2014"]
[Site "Reykjavik ISL"]
[Date "2014.03.12"]
[Round "10.82"]
[White "Altman, Joshua"]
[Black "Carvalho Beserra, Juan Pablo"]
[Result "1/2-1/2"]
[WhiteTitle "CM"]
[WhiteElo "1650"]
[BlackElo "2005"]
[WhiteFideId "426210"]
[BlackFideId "2121247"]
[EventDate "2014.03.04"]

1. e4 e5 2. Nf3 Nc6 3. Bb5 a6 4. Ba4 Nf6 5. d3 b5 6. Bb3 Be7 7. O-O O-O 8. c3
Bb7 9. Nbd2 d6 10. Re1 Na5 11. Bc2 c5 12. Nf1 Re8 13. Ng3 g6 14. h4 d5 15. Bg5
Bf8 16. exd5 h6 17. Bd2 Qxd5 18. c4 bxc4 19. Bxa5 cxd3 20. Qxd3 Qxd3 21. Bxd3 e4
22. Bc3 exd3 23. Bxf6 Bxf3 24. gxf3 c4 25. Rad1 Bg7 26. Ne4 Re6 27. Bxg7 Kxg7
28. Nc3 Rxe1+ 29. Rxe1 Rd8 30. Rd1 f5 31. Rd2 Rd4 32. Na4 1/2-1/2

[Event "N1 Reykjavik Open 2014"]
[Site "Reykjavik ISL"]
[Date "2014.03.12"]
[Round "10.83"]
[White "Murray, Michael A."]
[Black "Leosson, Atli Johann"]
[Result "1-0"]
[WhiteElo "2004"]
[BlackElo "1759"]
[WhiteFideId "2609126"]
[BlackFideId "2308533"]
[EventDate "2014.03.04"]

1. e4 e5 2. Nc3 Nc6 3. Nf3 Nf6 4. g3 g6 5. Bg2 Bg7 6. d3 d6 7. h3 h6 8. O-O Be6
9. d4 exd4 10. Nxd4 Nxd4 11. Qxd4 O-O 12. Qd3 Qd7 13. g4 Nh7 14. f4 f5 15. exf5
gxf5 16. g5 Qf7 17. Qg3 hxg5 18. fxg5 Be5 19. Bf4 Bxf4 20. Rxf4 Qg6 21. Re1 Rae8
22. h4 Nf6 23. Qd3 Nh5 24. Rf2 Kh7 25. Bxb7 Nf6 26. Bc6 Re7 27. Rfe2 Ng4 28. Nd5
Bxd5 29. Rxe7+ Bf7 30. Bd5 Ne5 31. Qb3 Kg8 32. Rxc7 Qh5 33. Bxf7+ Rxf7 34. Rxf7
Qg4+ 35. Kf1 Qf4+ 36. Kg2 Nxf7 37. g6 Qg4+ 38. Qg3 1-0

[Event "N1 Reykjavik Open 2014"]
[Site "Reykjavik ISL"]
[Date "2014.03.12"]
[Round "10.84"]
[White "Heimisson, Hilmir Freyr"]
[Black "Johannsson, Orn Leo"]
[Result "0-1"]
[WhiteElo "1761"]
[BlackElo "1999"]
[WhiteFideId "2309998"]
[BlackFideId "2303051"]
[EventDate "2014.03.04"]

1. e4 e6 2. d4 d5 3. exd5 exd5 4. Bd3 Bd6 5. Nf3 Ne7 6. O-O Nbc6 7. h3 Be6 8.
Re1 Qd7 9. c3 f6 10. Nbd2 O-O-O 11. b4 g5 12. Nb3 Ng6 13. Qc2 Kb8 14. Nc5 Bxc5
15. dxc5 Nf4 16. Bxf4 gxf4 17. Rxe6 Qxe6 18. b5 Ne5 19. Nd4 Qe7 20. c6 Nxd3 21.
Qxd3 Qe4 22. Qf1 Rde8 23. a4 Rhg8 24. a5 Rg7 25. cxb7 Reg8 26. f3 Qe3+ 27. Kh1
Kxb7 28. b6 a6 29. Nf5 Qxc3 30. bxc7 Rxg2 31. c8=Q+ Kxc8 32. Qxa6+ Kb8 33. Rb1+
Rb2 34. Rxb2+ Qxb2 35. Qd6+ Ka7 36. Qc5+ Kb8 37. Qd6+ Ka7 38. Qc7+ Qb7 39. Qc5+
Ka8 40. Qc2 Qc8 41. Qb1 Rg5 42. a6 Rxf5 43. Qb6 Rg5 44. Qb7+ Qxb7 45. axb7+ 0-1

[Event "N1 Reykjavik Open 2014"]
[Site "Reykjavik ISL"]
[Date "2014.03.12"]
[Round "10.86"]
[White "Jorgensen, Line Jin"]
[Black "Nordquelle, Daniel"]
[Result "1-0"]
[WhiteElo "1923"]
[BlackElo "1654"]
[WhiteFideId "1505467"]
[BlackFideId "1519042"]
[EventDate "2014.03.04"]

1. e4 e6 2. d4 d5 3. Nd2 Nf6 4. e5 Nfd7 5. Bd3 c5 6. c3 Nc6 7. Ne2 cxd4 8. cxd4
f6 9. exf6 Qxf6 10. Nf3 Bd6 11. Bg5 Qf7 12. Qb1 Nf6 13. O-O Bd7 14. Bh4 O-O-O
15. a3 e5 16. dxe5 Nxe5 17. Nxe5 Bxe5 18. Bg3 Bxg3 19. Nxg3 Kb8 20. b4 g5 21. b5
h5 22. b6 a6 23. Qb4 g4 24. Bxa6 bxa6 25. Qd6+ Ka8 26. Qc7 Bc6 27. Qxf7 Nd7 28.
Rfc1 1-0

[Event "N1 Reykjavik Open 2014"]
[Site "Reykjavik ISL"]
[Date "2014.03.12"]
[Round "10.87"]
[White "Flodmark, Tarras"]
[Black "Szumniak, Jedrzej"]
[Result "1-0"]
[WhiteElo "1922"]
[BlackElo "1618"]
[WhiteFideId "1719858"]
[BlackFideId "1718932"]
[EventDate "2014.03.04"]

1. d4 Nf6 2. c4 c5 3. Nf3 cxd4 4. Nxd4 Nc6 5. Nc3 d6 6. g3 Qb6 7. Nc2 g6 8. Nd5
Nxd5 9. cxd5 Ne5 10. Bg2 Bg7 11. Rb1 Qa5+ 12. Bd2 Qxa2 13. Bc3 Qb3 14. f4 Bf5
15. Rc1 Bh6 16. Nd4 Qb6 17. Nxf5 gxf5 18. Qa4+ Kf8 19. Bd4 Qd8 20. Ra1 f6 21.
fxe5 fxe5 22. Bf2 f4 23. O-O Rg8 24. Qe4 Rg6 25. Bh3 Kg8 26. Kh1 fxg3 27. Bxg3
Qb6 28. Be6+ Kh8 29. Ra4 a5 30. Rc4 Qd8 31. Rf3 b5 32. Rc6 b4 33. Qc4 Rf6 34.
Rxf6 exf6 35. Rc7 a4 36. Rd7 Qb8 37. Qe4 Bg7 38. Qg4 Qf8 39. Qxb4 h6 40. Qe4 a3
41. bxa3 Rxa3 42. Qg6 Ra1+ 43. Kg2 1-0

[Event "N1 Reykjavik Open 2014"]
[Site "Reykjavik ISL"]
[Date "2014.03.12"]
[Round "10.88"]
[White "Einarsson, Oskar Long"]
[Black "Raddatz, Michael"]
[Result "0-1"]
[WhiteElo "1599"]
[BlackElo "2044"]
[WhiteFideId "2309220"]
[BlackFideId "4613252"]
[EventDate "2014.03.04"]

1. e4 c5 2. Nf3 d6 3. d4 cxd4 4. Nxd4 Nf6 5. Nc3 g6 6. Bc4 Bg7 7. O-O O-O 8. Bb3
Nbd7 9. Nd5 Nc5 10. Nxf6+ Bxf6 11. Bh6 Nxb3 12. axb3 Re8 13. Re1 Qb6 14. c3 Bd7
15. Be3 Qc7 16. Bh6 a6 17. b4 Qc4 18. Be3 Rac8 19. Qb3 Qc7 20. Qd1 Red8 21. Qf3
Bg7 22. Qg3 e5 23. Nf5 Bxf5 24. exf5 gxf5 25. Bg5 f6 26. Bxf6 Rf8 27. Qxg7+ Qxg7
28. Bxg7 Kxg7 29. Red1 Rfd8 30. Rd5 Kf6 31. Rad1 Ke6 32. f3 b6 33. Kf2 Ra8 34.
R1d2 a5 35. Rb5 axb4 36. Rxb4 Rdb8 37. Rb5 Ra5 38. Rb4 Rd5 39. Re2 Rd3 40. Rh4
Rb7 41. Rh6+ Kd5 42. Re3 Rd1 43. Re1 Rxe1 44. Kxe1 b5 45. b3 Ra7 46. c4+ bxc4
47. bxc4+ Kc5 48. g4 f4 49. h4 Kd4 50. Rxd6+ Ke3 51. Rd5 Ra1+ 52. Rd1 Ra2 53.
Rd5 e4 54. fxe4 f3 55. Kd1 f2 56. Rf5 Rd2+ 57. Kc1 Rd4 58. c5 Rxe4 59. Kd1 Rd4+
60. Kc1 Rf4 0-1

[Event "N1 Reykjavik Open 2014"]
[Site "Reykjavik ISL"]
[Date "2014.03.12"]
[Round "10.89"]
[White "Thorsteinsdottir, Gudlaug"]
[Black "Johannsdottir, Johanna Bjorg"]
[Result "1/2-1/2"]
[WhiteTitle "WFM"]
[WhiteElo "2056"]
[BlackElo "1865"]
[WhiteFideId "2300753"]
[BlackFideId "2303108"]
[EventDate "2014.03.04"]

1. d4 d5 2. c4 e5 3. dxe5 d4 4. Nf3 Nc6 5. a3 a5 6. Bf4 Nge7 7. h3 Ng6 8. e3 Be7
9. Bd3 dxe3 10. fxe3 Nxf4 11. exf4 Bh4+ 12. Kf1 Bg3 13. Nc3 Bxf4 14. Qe2 Nd4 15.
Nxd4 Qxd4 16. Nd5 O-O 17. Nxc7 Rb8 18. Rd1 Qxe5 19. Nd5 Re8 20. Nxf4 Qxf4+ 21.
Qf2 Qxf2+ 22. Kxf2 Be6 23. b3 1/2-1/2

[Event "N1 Reykjavik Open 2014"]
[Site "Reykjavik ISL"]
[Date "2014.03.12"]
[Round "10.90"]
[White "Sjol, Henrik"]
[Black "Baldursson, Haraldur"]
[Result "0-1"]
[WhiteElo "1853"]
[BlackElo "2027"]
[WhiteFideId "1505629"]
[BlackFideId "2301423"]
[EventDate "2014.03.04"]

1. d4 Nf6 2. Nf3 d5 3. Bf4 e6 4. e3 Be7 5. c4 c6 6. Nc3 Nbd7 7. h3 dxc4 8. Bxc4
b5 9. Bd3 a6 10. O-O O-O 11. Rc1 c5 12. Ne4 c4 13. Bb1 Bb7 14. Nd6 Bc6 15. Nd2
Nb6 16. N6e4 Rc8 17. Qc2 Nxe4 18. Nxe4 f5 19. Nd2 Nd5 20. Be5 Bb7 21. Nf3 c3 22.
Qb3 Qa5 23. Bh2 cxb2 24. Qxb2 Ba3 25. Rxc8 Bxb2 26. Rxf8+ Kxf8 0-1

[Event "N1 Reykjavik Open 2014"]
[Site "Reykjavik ISL"]
[Date "2014.03.12"]
[Round "10.91"]
[White "Tijssens, Rob"]
[Black "Klyszcz, Michael"]
[Result "1/2-1/2"]
[WhiteElo "1782"]
[BlackElo "2011"]
[WhiteFideId "1030213"]
[BlackFideId "4655168"]
[EventDate "2014.03.04"]

1. d4 Nf6 2. c4 g6 3. Nf3 Bg7 4. Nc3 d5 5. e3 O-O 6. Be2 c5 7. dxc5 Qa5 8. O-O
dxc4 9. Bxc4 Qxc5 10. Qb3 Nc6 11. Be2 Rd8 12. Bd2 Be6 13. Qa4 a6 14. Rac1 Qb6
15. e4 Nd4 16. Nxd4 Rxd4 17. Qc2 Qa5 18. Be3 Rdd8 19. Rfd1 Rac8 20. Rxd8+ Qxd8
21. Qd2 Qxd2 22. Bxd2 Kf8 23. f3 Ne8 24. b3 Bd4+ 25. Kf1 Nf6 26. Bd3 b5 27. Ke2
Ke8 28. Nd1 Rxc1 29. Bxc1 Kd7 30. Bb2 Bxb2 31. Nxb2 Kc6 32. Bc2 Nd7 33. f4 Kc5
34. Nd3+ Kd4 35. Kd2 Kxe4 36. g3 Kd4 37. Nb4 Nb8 38. Bd1 a5 39. Nc2+ Kc5 40. Bf3
Bd5 41. Bxd5 Kxd5 42. Kd3 Nc6 43. a3 Kc5 44. Kc3 b4+ 45. axb4+ axb4+ 46. Kd3 h5
47. Ke4 f5+ 48. Ke3 e6 49. Ne1 Kd5 50. Nc2 e5 51. fxe5 Kxe5 52. Ne1 g5 53. Nd3+
Ke6 54. h4 Kf6 55. Kf2 gxh4 56. gxh4 Nd4 57. Nxb4 Nxb3 58. Nd3 Kg6 59. Nf4+ Kh6
60. Ke3 Nc5 61. Kd4 Nd7 62. Kd5 Nf8 63. Ke5 Ng6+ 64. Kxf5 Nxh4+ 65. Kf6 Nf3 66.
Nxh5 1/2-1/2